| 000 | 03127cam a22004218i 4500 | ||
|---|---|---|---|
| 001 | 13916 | ||
| 003 | BD-RjUL | ||
| 005 | 20211208235533.0 | ||
| 008 | 140203s2011 enk b 001 0 eng d | ||
| 020 | _a9781405158237 (pbk. : alk. paper) | ||
| 035 | _aBD-RjUL)13968 | ||
| 040 |
_aDNLM/DLC _cDLC _erda _beng _dBD-RjUL |
||
| 041 | _aeng | ||
| 060 | 1 | 0 | _aQW 70 |
| 082 | 0 | 0 |
_a636.08969041 _222 _bVET 2011 |
| 245 | 0 | 0 |
_aVeterinary microbiology and microbial disease / _cP.J. Quinn, MVB, PhD, MRCVS, Professor Emeritus, Former Professor of Veterinary Microbiology and Parasitology, School of Veterinary Medicine, University College, Dublin, B.K. Markey, MVB, PhD, Dip Stat, MRCVS, Senior Lecturer in Veterinary Microbiology, School of Veterinary Medicine, University College, Dublin, F.C. Leonard, MVB, PhD, MRCVS, Senior Lecturer in Veterinary Microbiology, School of Veterinary Medicine, University College, Dublin, E.S. FitzPatrick, FIBMS, Chief Technical Officer, School of Veterinary Medicine, University College, Dublin, S. Fanning, BSc, PhD, Professor of Food Safety and Zoonoses, Director of Academic Centre for Food Safety, University College Dublin, P.J. Hartigan, BSc, MVM, MA, PhD, MRCVS, Former Senior Lecturer in Veterinary Pathology, Trinity College, Dublin. |
| 250 | _aSecond Edition. | ||
| 260 |
_aChichester, West Sussex, UK : _bWiley-Blackwell, _cc2011. |
||
| 263 | _a1104 | ||
| 300 |
_axii,912p. : _c28cm. _bill. ; |
||
| 504 | _aIncludes bibliographical references and index. | ||
| 505 | 8 | _aMachine generated contents note: Section I: Introductory Bacteriology.Section II: Pathogenic Bacteria.Section III: Mycology.Section IV: Introductory Virology.Section V: Viruses and Prions.Section VI: Microbial Agents and Disease Production. | |
| 520 | _a"Veterinary Microbiology is one of the core subjects for veterinary students. Fully revised and expanded, this new edition covers every aspect of veterinary microbiology for students in both paraclinical and clinical years. It provides concise descriptions of the groups of micro-organisms, diseases they produce, immunological aspects and a summary of infectious diseases based on their main clinical signs. New to this edition:Diagrams throughout showing the transmission of infection New chapters on the application of molecular methods, food safety and public health, skin, the respiratory system, cardiology, and the urinary tract Revisions to existing text and many more illustrations"--Provided by publisher. | ||
| 650 | 0 |
_aVeterinary microbiology. _943493 |
|
| 650 | 1 | 2 |
_aMicrobiology. _943494 |
| 650 | 1 | 2 |
_aVeterinary Medicine. _943495 |
| 650 | 2 | 2 |
_aCommunicable Diseases _xmicrobiology. _943496 |
| 650 | 2 | 2 |
_aCommunicable Diseases _xveterinary. _943497 |
| 700 | 1 |
_aQuinn, P. J. _q(Patrick J.), _eauthor. _943498 |
|
| 700 | 1 |
_aMarkey, B. K. _q(Bryan K.), _eauthor. _943499 |
|
| 700 | 1 |
_aLeonard, F. C., _eauthor. _943500 |
|
| 700 | 1 |
_aFitzPatrick, E. S., _eauthor. _943501 |
|
| 700 | 1 |
_aFanning, S., _eauthor. _943502 |
|
| 700 | 1 |
_aHartigan, P. J., _eauthor. _943503 |
|
| 942 |
_2ddc _cBK |
||
| 999 |
_c13916 _d13916 |
||